| 000 | 00718nam a2200229 a 4500 | ||
|---|---|---|---|
| 001 | 51649 | ||
| 003 | BD-BjUL | ||
| 005 | 20211209075708.0 | ||
| 008 | 310816s1968 nyua 000 0 eng | ||
| 035 |
_aOCLC ocm00517501 from D970925M _a(BD-BjUL)51769 |
||
| 040 |
_aDLC _cDLC _dBD-BjUL _beng |
||
| 041 | _aeng | ||
| 082 |
_a512.897 _bSES 1968 |
||
| 100 | 1 |
_aLipschutz, Seymour. _9117581 |
|
| 245 | 1 | 0 |
_aSchaum's outline of theory and problems of linear algebra / _c Seymour Lipschutz, |
| 260 |
_aNew York : _bMcGraw-Hill, _c1968 |
||
| 300 |
_a334 p.: _billus.; _c28 cm. |
||
| 490 | 0 | _aSchaum's outline series | |
| 650 | 0 |
_aAlgebras, Linear _xOutlines, syllabi, etc. _9154394 |
|
| 942 |
_2ddc _cBK |
||
| 999 |
_c51649 _d51649 |
||